Nature and the mind : the science of how nature improves cognitive, physical, and social well-being /

Bibliographic Details
Main Author: Berman, Marc G. (Author)
Corporate Author: EBSCOhost
Format: eBook
Language:English
Published: New York : Simon Element, 2025.
Edition:First Simon Element hardcover edition.
Subjects:
Online Access:Connect to the full text of this electronic book

MARC

Tag First Indicator Second Indicator Subfields
LEADER 00000nam a22000001i 4500
001 in00005665421
003 OCoLC
005 20250910121514.3
006 m |o d |
007 cr |n|||||||||
008 250910s2025 nyua ob 001 0 eng d
024 8 |a 90102548777 
035 |a (OCoLC)1531947030 
040 |a NhCcYBP  |b eng  |e rda  |e pn  |c NhCcYBP 
020 |a 9781668058794 (electronic bk.) 
020 |a 1668058790 (electronic bk.) 
020 |z 9781668058770 
020 |z 1668058774 
050 4 |a BF353.5.N37  |b B47 2025 
082 0 4 |a 155.9/1  |2 23/eng/20250731 
100 1 |a Berman, Marc G.,  |e author. 
245 1 0 |a Nature and the mind :  |b the science of how nature improves cognitive, physical, and social well-being /  |c Marc G. Berman, PhD. 
250 |a First Simon Element hardcover edition. 
264 1 |a New York :  |b Simon Element,  |c 2025. 
300 |a 1 online resource (x, 324 pages) :  |b illustrations. 
336 |a text  |b txt  |2 rdacontent 
337 |a computer  |b c  |2 rdamedia 
338 |a online resource  |b cr  |2 rdacarrier 
504 |a Includes bibliographical references (pages 263-303) and index. 
532 1 |3 EBSCOhost  |a "EBSCO evaluates our products based on the Web Content Accessibility Guidelines (WCAG) and the related Section 508 and EN 301 549 regulations in the US and EU. Most EBSCO products are substantially conformant with WCAG 2.2 level AA." Source: https://connect.ebsco.com/s/article/EBSCO-VPATs?language=en_US. Last accessed April 22, 2025. 
588 |a Description based on print version record. 
650 0 |a Nature  |x Psychological aspects. 
650 0 |a Environmental psychology. 
650 0 |a Nature  |x Therapeutic use. 
650 0 |a Environmentalism. 
650 0 |a Therapeutics, Physiological. 
650 0 |a Environmental sociology. 
650 0 |a Naturopathy. 
650 0 |a Nature, Healing power of. 
650 6 |a Nature  |0 (CaQQLa)201-0010287  |x Aspect psychologique.  |0 (CaQQLa)201-0373794 
650 6 |a Nature  |0 (CaQQLa)201-0010287  |x Emploi en thérapeutique.  |0 (CaQQLa)201-0373975 
655 7 |a Electronic books.  |2 local 
710 2 |a EBSCOhost 
776 1 8 |c Original  |z 9781668058770  |z 1668058774  |w (OCoLC)1530150525 
856 4 0 |u http://proxy.library.tamu.edu/login?url=https://search.ebscohost.com/login.aspx?direct=true&scope=site&db=nlebk&db=nlabk&AN=4032313  |z Connect to the full text of this electronic book  |t 0 
945 |b 519113 
955 |a YBP purchased EBSCO DDA e-records 
980 |b ebook  |c 90102548777  |f NONFIC/S  |g 565702  |k USD  |m 79.20  |q 1  |s AcqMono Conventional  |t Demand driven acquisitions (DDA)  |u Vendor order reference number  |v ZYBP  |y PDA  |z Electronic resource 
999 f f |i b90538d8-3572-45b9-95e0-81c17834a68b  |s 6c409079-8b18-43c9-b79c-051fa218ae67  |t 0 
952 f f |a Texas A&M University  |b College Station  |c Electronic Resources  |s www_evans  |d Available Online  |t 0  |e BF353.5.N37 B47 2025  |h Library of Congress classification